Klastre v kontexte regionálneho rozvoja
Regionálny rozvoj a zakladanie klastrov. Výhodná lokalizácia klastra ako významný faktor jeho rozvoja. Kritériá lokalizačného rozhodovania v rozličných priestorových rovinách. Význam znalostného manažmentu pri zakladaní a rozvoji klastrov. Inovácie a ich vplyv na rozvoj klastrov. Inovačné politiky v...
Salvato in:
| Autore principale: | |
|---|---|
| Natura: | Capitolo di libro |
| Lingua: | slovacco |
| Soggetti: | |
| Tags: |
Nessun Tag, puoi essere il primo ad aggiungerne!!
|
MARC
| LEADER | 00000nla a2200000 4500 | ||
|---|---|---|---|
| 001 | 0223774 | ||
| 005 | 20240502073649.3 | ||
| 041 | 0 | |a slo | |
| 044 | |a SK | ||
| 245 | 1 | 0 | |a Klastre v kontexte regionálneho rozvoja |c Peter Jamnický |
| 520 | |a Regionálny rozvoj a zakladanie klastrov. Výhodná lokalizácia klastra ako významný faktor jeho rozvoja. Kritériá lokalizačného rozhodovania v rozličných priestorových rovinách. Význam znalostného manažmentu pri zakladaní a rozvoji klastrov. Inovácie a ich vplyv na rozvoj klastrov. Inovačné politiky v porovnaní s inovačnými vzormi. | ||
| 610 | 2 | 0 | |a klaster |
| 610 | 2 | 0 | |a spolupráca podnikov |
| 610 | 2 | 0 | |a spolupráca regionálna |
| 610 | 2 | 0 | |a rozvoj regionálny |
| 610 | 2 | 0 | |a inovácia |
| 610 | 2 | 0 | |a parky priemyselné |
| 610 | 2 | 0 | |a technológie nové |
| 610 | 2 | 0 | |a manažment znalostný |
| 100 | 1 | |a Jamnický, Peter | |